• 首页
  • 本馆介绍
  • 公告通知
  • 最新文献
  • 馆藏检索
  • 电子资源
  • 读者导购
  • 参考咨询
  • 我的图书馆
  • 登录
  • 详细信息显示
  • 放入我的书架
  • 预约/预借图书
  • 作者相关作品
  • 分类相关作品
  • 丛书相关作品
  • 出版社相关作品

书目信息

  • 表格格式
  • 工作单格式
  • 卡片格式
题名:
2020中国可持续能源情景
    
 
作者: 周大地 主编
分册:  
出版信息: 北京   中国环境科学出版社  2003
页数: 10,724页
开本: 26cm
丛书名:
单 册:
中图分类: F426.2
科图分类:
主题词: 能源工业--可持续发展--研究--中国--2020 , 能源工业 , 可持续发展
电子资源:
ISBN: 7-80163-740-2
000 00891nam0 2200253 450
001 002480818
005 20070807170301.43
010    @a7-80163-740-2@dCNY98.00
100    @a20031021d2003 em y0chiy0110 ea
101 0  @achi
102    @aCN@b110000
105    @ay z 000yy
200 1  @a2020中国可持续能源情景@92020 zhong guo ke chi xu neng yuan qing jing@f周大地主编
210    @a北京@c中国环境科学出版社@d2003@h2005
215    @a10,724页@d26cm
330    @a全书分为十一篇,对2020年中国钢铁工业、有色金属工业、造纸业、化学工业、炼油及石油化工工业、电力工业、建材工业等能源情景进行了分析和展望。
510 1  @aChina's Sustainable Energy Svenarios in 2020@zeng
606 0  @a能源工业@x可持续发展@x研究@y中国@z2020
606 0  @a能源工业
606 0  @a可持续发展
690    @aF426.2@v4
701  0 @a周大地@9zhou da di@4主编
801  0 @aCN@bNLC@c20070807
905    @a10447@dF426.2@e103
    
    2020中国可持续能源情景/周大地主编.-北京:中国环境科学出版社,2003(2005)
    10,724页;26cm
    
    
    ISBN 7-80163-740-2:CNY98.00
    全书分为十一篇,对2020年中国钢铁工业、有色金属工业、造纸业、化学工业、炼油及石油化工工业、电力工业、建材工业等能源情景进行了分析和展望。
●
相关链接 在E读中查询图书 在五车中查询图书 在当当中查询图书 在豆瓣中查询图书


正题名:2020中国可持续能源情景     索取号:F426.2/103         预约/预借

序号 登录号 条形码 馆藏地/架位号 状态 备注
1 0809387   208093873   第一样本阅览室/ [索取号:F426.2/103] 在馆    
2 0809388   208093882   第一借阅区/ [索取号:F426.2/103] 在馆    
唐山师范学院图书馆 欢迎您!
大连网信软件有限公司© 版权所有